| 000 | 01169nam a2200253 a 4500 | ||
|---|---|---|---|
| 001 | 47260 | ||
| 003 | BD-RjUL | ||
| 005 | 20211209054302.0 | ||
| 008 | 160807s1964 pk ||||| |||| 00| 0 ben d | ||
| 020 | _c:PRs. 5.50 | ||
| 035 | _a(BD-RjUL)47379 | ||
| 040 |
_aBD-RjUL _bben _cBD-RjUL _dBD-RjUL |
||
| 041 | _aben | ||
| 082 |
_223 _a297.6092 _bFAK 1964 |
||
| 100 | 1 |
_aফারুকী, মুহাম্মদ আখতার _9143868 |
|
| 245 | 1 | 0 |
_aখালেদ ইবনে-ওলীদ / _cরচনায়: মুহাম্মদ আখতার ফারুকী ; সম্পাদনায়: মুহাম্মদ তবারক উল্লাহ |
| 260 |
_aঢাকা : _bএমদাদিয়া লাইব্রেরী , _c১৯৬৪ . |
||
| 300 |
_a[২০], ২৩২ পৃ ; _c২২ সেমি. |
||
| 504 | _aনির্ঘণ্ট সংযুক্ত | ||
| 600 |
_aইবনে-ওলীদ, খালেদ _xজীবনী _9224768 |
||
| 600 |
_aIbne-olid, Khalid _xBiography _9219410 |
||
| 700 |
_aউল্লাহ, মুহাম্মদ তবারক , সম্পাদক _9224769 |
||
| 942 |
_2ddc _cBK |
||
| 999 |
_c47260 _d47260 |
||